Anuarul Statistic al Republicii Socialiste Romania 1984
Salvato in:
| Natura: | Libro |
|---|---|
| Lingua: | rumeno |
| Pubblicazione: |
Bucuresti
Directia Centrala de Statistica
1984
|
| Edizione: | 1. ed. |
| Tags: |
Nessun Tag, puoi essere il primo ad aggiungerne!!
|
MARC
| LEADER | 00000nam a2200000 4500 | ||
|---|---|---|---|
| 001 | c114742 | ||
| 005 | 20221220090439.9 | ||
| 041 | 0 | |a rum | |
| 044 | |a RO | ||
| 245 | 1 | 0 | |a Anuarul Statistic al Republicii Socialiste Romania 1984 |
| 250 | |a 1. ed. | ||
| 264 | 1 | |a Bucuresti |b Directia Centrala de Statistica |c 1984 | |
| 300 | |a 360 s. | ||